000 00605nam a22002057a 4500
005 20251108165945.0
008 250721s2002 xx 000 0 ara d
082 1 4 _a616/صفد
100 1 _aالصفدي، عصام
245 1 0 _aالأمراض و العناية التمريضية :
_bجراحة و باطني /
264 1 _aعمان :
_bدار المسيرة للنشر،
_c2002.
300 _a315ص
650 1 7 _aالأمراض
650 1 7 _aالصحة
650 1 7 _aالطب
700 1 _aصالح، ناصر
700 1 _aالبستنجي، يحيى
942 _2ddc
_cBK
999 _c35855
_d35855